|
LDR
| 01773nam a2200445Ii 4500 |
|---|
| 001 | 145040 |
|---|
| 003 | CONS |
|---|
| 005 | 20180109134016.0 |
|---|
| 008 | 170501s2017 nyua j 000 1 eng d |
|---|
| 010 | | . |
‡a 2017932250 |
|---|
| 020 | | . |
‡a9781481481380
‡q(hardcover) |
|---|
| 020 | | . |
‡a148148138X
‡q(hardcover) |
|---|
| 020 | | . |
‡a9781481481373
‡q(paperback) |
|---|
| 020 | | . |
‡a1481481371
‡q(paperback) |
|---|
| 020 | | . |
‡a9781537950570
‡q(FollettBound) |
|---|
| 020 | | . |
‡a1537950576
‡q(FollettBound) |
|---|
| 035 | | . |
‡a(CPomAG)LMN603125 |
|---|
| 050 | 1 | 4. |
‡aPZ7.D439
‡bStt 2017 |
|---|
| 082 | 0 | 4. |
‡a[E]
‡223 |
|---|
| 100 | 1 | . |
‡aDePaola, Tomie,
‡d1934-
‡eauthor,
‡eillustrator. |
|---|
| 245 | 1 | 0. |
‡aStrega Nona and the twins /
‡cwritten and illustrated by Tomie dePaola. |
|---|
| 250 | | . |
‡aSimon Spotlight edition. |
|---|
| 264 | | 1. |
‡aNew York :
‡bSimon Spotlight, an imprint of Simon & Schuster,
‡c©2017. |
|---|
| 300 | | . |
‡a1 volume (unpaged) :
‡bcolor illustrations ;
‡c24 cm. |
|---|
| 336 | | . |
‡atext
‡btxt
‡2rdacontent |
|---|
| 336 | | . |
‡astill image
‡bsti
‡2rdacontent |
|---|
| 337 | | . |
‡aunmediated
‡bn
‡2rdamedia |
|---|
| 338 | | . |
‡avolume
‡bnc
‡2rdacarrier |
|---|
| 490 | 1 | . |
‡aReady-to-read. Level one, Star reader! |
|---|
| 520 | | . |
‡aWhen Strega Nona babysits twins for the day, Bambolona and Big Anthony help, but the children find trouble everywhere they go. |
|---|
| 650 | | 0. |
‡aStrega Nona (Fictitious character)
‡vJuvenile fiction. |
|---|
| 650 | | 0. |
‡aTwins
‡vJuvenile fiction. |
|---|
| 650 | | 0. |
‡aBabysitting
‡vJuvenile fiction. |
|---|
| 650 | | 0. |
‡aConduct of life
‡vJuvenile fiction. |
|---|
| 650 | | 0. |
‡aMagic
‡vJuvenile fiction. |
|---|
| 650 | | 0. |
‡aWitches
‡vJuvenile fiction. |
|---|
| 830 | | 0. |
‡aReady-to-read.
‡nLevel one,
‡pStar reader! |
|---|
| 914 | | . |
‡aSCP_kt |
|---|
| 959 | | . |
‡i32269001037277
‡lBR DeP
‡aJuvenile - Easy
‡tBeginning Reader
‡g10.00 |
|---|
| 852 | | . |
‡p32269001037277
‡jBR DeP
‡gJuvenile - Easy
‡cBeginning Reader
‡y10.00
‡bSBPL |
|---|
| 901 | | . |
‡a145040
‡bUnknown
‡c145040
‡tbiblio |
|---|